00926nam a2200181 a 450000100100000000500170001000800410002704000250006808200150009310000260010824502120013426000580034630000200040404900090042495201750043395201190060899900170072700002680720200930030425.0110325s1927 dr 000 0 spa d aDO-SdBNPbspacBNPHU axxxbM917i1 aMota, Fabio A.92357210aInforme :bque de sus gestiones como rector de la universidad durante el año 1924-1925 presentó el Dr. Octavio del Pozo a la secretaría de Estado de Justicia e instrucción pública /cFabio A. Mota. aSanto Domingo1927. :bTipigrafía del Carmen,c1927. a65 p. ;c26 cm. aBNPD 001050718RVaPDbPDcHDd2011-03-25iLF1l0oxxx M917ip26807-10r2020-06-25w2020-06-25y1zPerteneció a la biblioteca personal de Julio Ortega Frier.ZNo se presta 001050718RVaPDbPDcCTd2011-08-08iLF1l0oxxx M917ip26807-20r2020-06-25te. 2w2020-06-25y1ZNo se presta c26299d26299